| 000 | 00861nam a2200181Ia 4500 | ||
|---|---|---|---|
| 005 | 20250423094900.0 | ||
| 008 | 250422s9999 xx 000 0 und d | ||
| 020 | _a9780021221 | ||
| 050 | _aHV 6433 .N86/ | ||
| 100 | _aNwoke, Chibuzo | ||
| 245 | 0 | _aContemporary challenges in Nigeria, Africa and the world | |
| 260 | _aLagos | ||
| 260 | _bNigerian Society of International Affairs | ||
| 260 | _c2014 | ||
| 300 | _a528 p | ||
| 650 | _a Boko Haram--Congresses. Violence--Nigeria--Religious aspects--21st century--Congresses. Terrorism--Nigeria--Religious aspects--Islam--Congresses. Terrorism--Prevention--Congresses. Islamic fundamentalism--Nigeria--Congresses. Political stability--Nigeria--Congresses. National security--Nigeria--International cooperation--Congresses. Globalization--Africa--Congresses. | ||
| 942 | _cBK | ||
| 999 |
_c28577 _d28577 |
||